| 000 -LEADER |
| fixed length control field |
01445cam a22003854a 4500 |
| 001 - CONTROL NUMBER |
| control field |
15005471 |
| 003 - CONTROL NUMBER IDENTIFIER |
| control field |
NUST |
| 005 - DATE AND TIME OF LATEST TRANSACTION |
| control field |
20220301124121.0 |
| 008 - FIXED-LENGTH DATA ELEMENTS--GENERAL INFORMATION |
| fixed length control field |
070913s2008 cou b 001 0 eng |
| 010 ## - LIBRARY OF CONGRESS CONTROL NUMBER |
| LC control number |
2007037868 |
| 020 ## - INTERNATIONAL STANDARD BOOK NUMBER |
| International Standard Book Number |
9781588265319 (hardcover : alk. paper) |
| 020 ## - INTERNATIONAL STANDARD BOOK NUMBER |
| International Standard Book Number |
9781588265074 (pbk. : alk. paper) |
| 038 ## - RECORD CONTENT LICENSOR |
| Staff Name |
waseem |
| 040 ## - CATALOGING SOURCE |
| Original cataloging agency |
DLC |
| Transcribing agency |
DLC |
| Modifying agency |
DLC |
| 050 00 - LIBRARY OF CONGRESS CALL NUMBER |
| Classification number |
KZ6355 |
| Item number |
.C58 2008 |
| 082 00 - DEWEY DECIMAL CLASSIFICATION NUMBER |
| Classification number |
341.6 |
| Author Mark |
CIV |
| 245 00 - TITLE STATEMENT |
| Title |
Civil war and the rule of law : |
| Remainder of title |
security, development, human rights / |
| Statement of responsibility, etc. |
edited by Agnès Hurwitz with Reyko Huang. |
| 260 ## - PUBLICATION, DISTRIBUTION, ETC. |
| Place of publication, distribution, etc. |
U.S.A. : |
| Name of publisher, distributor, etc. |
Lynne Rienner Publishers, |
| Date of publication, distribution, etc. |
2008. |
| 300 ## - PHYSICAL DESCRIPTION |
| Extent |
x, 351 p. ; |
| Dimensions |
23 cm. |
| 504 ## - BIBLIOGRAPHY, ETC. NOTE |
| Bibliography, etc. note |
Includes bibliographical references (p.303-329) and index. |
| 563 ## - BINDING INFORMATION |
| Binding note |
HBK. |
| 650 #0 - SUBJECT ADDED ENTRY--TOPICAL TERM |
| Topical term or geographic name entry element |
War (International law) |
| 9 (RLIN) |
90027 |
| 650 #0 - SUBJECT ADDED ENTRY--TOPICAL TERM |
| Topical term or geographic name entry element |
Rule of law. |
| 9 (RLIN) |
90028 |
| 650 #0 - SUBJECT ADDED ENTRY--TOPICAL TERM |
| Topical term or geographic name entry element |
Civil war |
| General subdivision |
Protection of civilians. |
| 9 (RLIN) |
90029 |
| 650 #0 - SUBJECT ADDED ENTRY--TOPICAL TERM |
| Topical term or geographic name entry element |
War victims |
| General subdivision |
Legal status, laws, etc. |
| 9 (RLIN) |
90030 |
| 650 #0 - SUBJECT ADDED ENTRY--TOPICAL TERM |
| Topical term or geographic name entry element |
Human rights. |
| 9 (RLIN) |
90031 |
| 650 #0 - SUBJECT ADDED ENTRY--TOPICAL TERM |
| Topical term or geographic name entry element |
Security, International. |
| 9 (RLIN) |
90032 |
| 650 #0 - SUBJECT ADDED ENTRY--TOPICAL TERM |
| Topical term or geographic name entry element |
Conflict management. |
| 9 (RLIN) |
90033 |
| 700 1# - ADDED ENTRY--PERSONAL NAME |
| Personal name |
Hurwitz, Agnès G. |
| 9 (RLIN) |
90034 |
| 700 1# - ADDED ENTRY--PERSONAL NAME |
| Personal name |
Huang, Reyko. |
| 9 (RLIN) |
90035 |
| 856 41 - ELECTRONIC LOCATION AND ACCESS |
| Materials specified |
Table of contents only |
| Uniform Resource Identifier |
<a href="http://www.loc.gov/catdir/toc/ecip0727/2007037868.html">http://www.loc.gov/catdir/toc/ecip0727/2007037868.html</a> |
| 906 ## - LOCAL DATA ELEMENT F, LDF (RLIN) |
| a |
7 |
| b |
cbc |
| c |
orignew |
| d |
1 |
| e |
ecip |
| f |
20 |
| g |
y-gencatlg |
| 942 ## - ADDED ENTRY ELEMENTS (KOHA) |
| Source of classification or shelving scheme |
|
| Koha item type |
Book |